Statistics for Countries with Grey Wolves

Click here to take the quiz!

General Stats

  • This quiz has been taken 79 times
    (76 since last reset)
  • The average score is 51 of 59

Answer Stats

ContinentCountry% Correct
EuropeGermany
100%
North AmericaCanada
98%
AsiaChina
98%
Asia/ EuropeRussia
98%
North AmericaUnited States of America
98%
EuropeFrance
95%
EuropeItaly
95%
EuropePoland
95%
EuropeSpain
95%
AsiaPakistan
93%
EuropePortugal
93%
EuropeBelarus
90%
EuropeEstonia
90%
AsiaIndia
90%
AsiaIran
90%
AsiaIraq
90%
EuropeNorway
90%
EuropeSweden
90%
Asia/ EuropeTurkey
90%
EuropeUkraine
90%
AsiaAfghanistan
88%
EuropeDenmark
88%
EuropeFinland
88%
AsiaKazakhstan
88%
EuropeLatvia
88%
AsiaMongolia
88%
AsiaNepal
88%
AsiaSyria
88%
AsiaArmenia
85%
AsiaIsrael
85%
AsiaKyrgyzstan
85%
AsiaNorth Korea
85%
AsiaTajikistan
85%
AsiaUzbekistan
85%
EuropeAlbania
83%
AsiaAzerbaijan
83%
AfricaEgypt
83%
AsiaGeorgia
83%
EuropeLithuania
83%
EuropeRomania
83%
EuropeSlovakia
83%
EuropeSlovenia
83%
AsiaTurkmenistan
83%
AsiaBhutan
80%
EuropeBosnia and Herzegovina
80%
AsiaLebanon
80%
EuropeMontenegro
80%
AsiaOman
80%
AsiaQatar
80%
AsiaSaudi Arabia
80%
EuropeSerbia
80%
EuropeBulgaria
78%
EuropeCroatia
78%
AsiaKuwait
78%
EuropeKosovo
76%
EuropeNorth Macedonia
76%
AsiaYemen
76%
AsiaJordan
73%
EuropeAndorra
71%

Score Distribution

Percentile by Number Answered

Percent of People with Each Score

Your Score History

You have not taken this quiz since the last reset